00735pam a2200229 a 4500001000800000005001700008008004100025010001700066020003200083040001800115041000800133080001400141082001800155100000600173101000800179245008000187504005100267906004500318942001200363999001700375952011300392394174720180312095803.0930416s1994 nyua b 001 0 eng  a 93015950  a0070669929 (acidfree paper) aDLCcDLCdDLC aeng a612 ART00a612 ART2201 a6 aANA10aHuman physiology :cArthur J. Vander, James H. Sherman, Dorothy S. Luciano. aIncludes bibliographical references and index. a7bcbccorignewd1eocipf19gy-gencatlg 2ddccBK c44788d44788 00102udc40708PËKGa002b002cPËKGd2018-03-12l0o612 ARTp002-3001745r2018-03-12w2018-03-12yBK